Reaction kinetics for chemical engineers (Record no. 12493)

000 -LEADER
fixed length control field 00585nam a22002051 4500
001 - CONTROL NUMBER
control field 12493
003 - CONTROL NUMBER IDENTIFIER
control field BD-DhUET
008 - FIXED-LENGTH DATA ELEMENTS--GENERAL INFORMATION
fixed length control field 720413s1959 nyua b 000 0 eng
040 ## - CATALOGING SOURCE
Original cataloging agency DLC
Transcribing agency DLC
Modifying agency BD-DhUET
082 ## - DEWEY DECIMAL CLASSIFICATION NUMBER
Classification number 660.2994
Item number WAL/1959
100 1# - MAIN ENTRY--PERSONAL NAME
Personal name Walas, Stanley M.
245 10 - TITLE STATEMENT
Title Reaction kinetics for chemical engineers
250 ## - EDITION STATEMENT
Edition statement 1st ed.
260 ## - PUBLICATION, DISTRIBUTION, ETC. (IMPRINT)
Place of publication, distribution, etc. New York
Name of publisher, distributor, etc. McGraw-Hill
Date of publication, distribution, etc. 1959
300 ## - PHYSICAL DESCRIPTION
Extent 338 p.
Other physical details ill.
490 ## - SERIES STATEMENT
Series statement McGraw - Hill chemical engineering series
504 ## - BIBLIOGRAPHY, ETC. NOTE
Bibliography, etc Includes bibliographies
650 #0 - SUBJECT ADDED ENTRY--TOPICAL TERM
Topical term or geographic name as entry element Kinetics : Reactions : Chemical Engineering
942 ## - ADDED ENTRY ELEMENTS (KOHA)
Koha item type General Book
Holdings
Sublocation or collection (holding branch) Copy number Piece designation (barcode) Damaged status Price effective from Koha date last seen Shelving location Koha item type Date acquired Lost status Withdrawn status Not for loan Source of classification or shelving scheme Koha full call number Koha normalized classification for sorting Location (home branch)
Central Library, BUET126073 2015-02-262015-02-26Circulation sectionGeneral Book2015-02-26    660.2994/WAL/1959660_299400000000000_WAL_1959Central Library, BUET
Central Library, BUET229882 2015-03-012015-03-01Circulation sectionGeneral Book2015-03-01    660.2994/WAL/1959660_299400000000000_WAL_1959Central Library, BUET
Central Library, BUET329878 2015-03-312015-03-31Circulation sectionGeneral Book2015-03-31    660.2994/WAL/1959660_299400000000000_WAL_1959Central Library, BUET
Central Library, BUET429875 2015-03-312015-03-31Circulation sectionGeneral Book2015-03-31    660.2994/WAL/1959660_299400000000000_WAL_1959Central Library, BUET
Central Library, BUET525893 2015-03-312015-03-31Circulation sectionGeneral Book2015-03-31    660.2994/WAL/1959660_299400000000000_WAL_1959Central Library, BUET
Central Library, BUET62114 2015-04-042015-04-04Circulation sectionGeneral Book2015-04-04    660.2994/WAL/1959660_299400000000000_WAL_1959Central Library, BUET
Central Library, BUET729874 2015-04-072015-04-07Circulation sectionGeneral Book2015-04-07    660.2994/WAL/1959660_299400000000000_WAL_1959Central Library, BUET
Central Library, BUET829881 2015-06-182015-06-18Reading sectionReading Item2015-06-18    660.2994/WAL/1959660_299400000000000_WAL_1959Central Library, BUET
Central Library, BUET929879 2015-06-182015-06-18Reading sectionReading Item2015-06-18    660.2994/WAL/1959660_299400000000000_WAL_1959Central Library, BUET
Central Library, BUET107899 2015-06-182015-06-18Reading sectionReading Item2015-06-18    660.2994/WAL/1959660_299400000000000_WAL_1959Central Library, BUET
Central Library, BUET117900 2015-06-182015-06-18Reading sectionReading Item2015-06-18    660.2994/WAL/1959660_299400000000000_WAL_1959Central Library, BUET
Central Library, BUET1229880 2015-06-282015-06-28Reading sectionReading Item2015-06-28    660.2994/WAL/1959660_299400000000000_WAL_1959Central Library, BUET
Central Library, BUET1329876 2015-06-282015-06-28Reading sectionReading Item2015-06-28    660.2994/WAL/1959660_299400000000000_WAL_1959Central Library, BUET